000 00407nam a2200169Ia 4500
001 15907
003 IN-NITTTR
005 20251114233150.0
008 251113s9999||||xx |||||||||||||| ||eng||
040 _beng
040 _cIN-NITTTR
041 _aeng
082 _a006.3 M685O
100 _aMishkoff, Henry C.
245 0 _aUnderstanding artificial intelligence /
_cMishkoff, Henry C.
942 _2ddc
_cBK
999 _c18541
_d18541